Indian Why Stories : (Record no. 229957)
[ view plain ]
| 000 -LEADER | |
|---|---|
| fixed length control field | 01602cam a22002893a 4500 |
| 001 - CONTROL NUMBER | |
| control field | 606 |
| 003 - CONTROL NUMBER IDENTIFIER | |
| control field | PGUSA |
| 005 - DATE AND TIME OF LATEST TRANSACTION | |
| control field | 20140828082950.0 |
| 008 - FIXED-LENGTH DATA ELEMENTS--GENERAL INFORMATION | |
| fixed length control field | 960701s1996||||xxu|||||s|||||000 | eng d |
| 040 ## - CATALOGING SOURCE | |
| Original cataloging agency | PGUSA |
| Language of cataloging | eng |
| 042 ## - AUTHENTICATION CODE | |
| Authentication code | dc |
| 050 #4 - LIBRARY OF CONGRESS CALL NUMBER | |
| Classification number | E011 |
| 100 1# - MAIN ENTRY--PERSONAL NAME | |
| Personal name | Linderman, Frank Bird, |
| Dates associated with a name | 1869-1938 |
| 245 10 - TITLE STATEMENT | |
| Title | Indian Why Stories : |
| Remainder of title | Sparks from War Eagle's Lodge-Fire |
| Medium | [electronic resource] / |
| Statement of responsibility, etc | Frank Bird Linderman |
| 260 ## - PUBLICATION, DISTRIBUTION, ETC. (IMPRINT) | |
| Name of publisher, distributor, etc | Project Gutenberg, |
| Date of publication, distribution, etc | 1996 |
| 505 0# - FORMATTED CONTENTS NOTE | |
| Formatted contents note | Why the chipmunk's back is striped -- How the ducks got their fine feathers -- Why the kingfisher always wears a war-bonnet -- Why the curlew's bill is long and crooked -- Old-man remakes the world -- Why Blackfeet never kill mice -- How the otter skin became great "medicine" -- Old-man steals the sun's leggings -- Old-man and his conscience -- Old-man's treachery -- Why the night-hawk's wings are beautiful -- Why the mountain-lion is long and lean -- The fire-leggings -- The moon and the great snake -- Why the deer has no gall -- Why Indians whip the buffalo-berries from the bushes -- Old-man and the fox -- Why the birch-tree wears the slashes in its bark -- Mistakes of Old-man -- How the man found his mate -- Dreams -- Retrospection. |
| 506 ## - RESTRICTIONS ON ACCESS NOTE | |
| Terms governing access | Public domain in the USA. |
| 516 ## - TYPE OF COMPUTER FILE OR DATA NOTE | |
| Type of computer file or data note | Electronic text |
| 653 ## - INDEX TERM--UNCONTROLLED | |
| Uncontrolled term | Tales -- Montana |
| 653 ## - INDEX TERM--UNCONTROLLED | |
| Uncontrolled term | Cree Indians -- Folklore |
| 653 ## - INDEX TERM--UNCONTROLLED | |
| Uncontrolled term | Indian mythology -- Montana |
| 653 ## - INDEX TERM--UNCONTROLLED | |
| Uncontrolled term | Siksika Indians -- Folklore |
| 653 ## - INDEX TERM--UNCONTROLLED | |
| Uncontrolled term | Ojibwa Indians -- Folklore |
| 830 #0 - SERIES ADDED ENTRY--UNIFORM TITLE | |
| Uniform title | Project Gutenberg |
| Volume number/sequential designation | 606 |
| 856 40 - ELECTRONIC LOCATION AND ACCESS | |
| Uniform Resource Identifier | <a href="http://www.gutenberg.org/ebooks/606">http://www.gutenberg.org/ebooks/606</a> |
| 942 ## - ADDED ENTRY ELEMENTS (KOHA) | |
| Koha item type | eBooks |
| Withdrawn status | Lost status | Damaged status | Home library | Current library | Date acquired | Total Checkouts | Date last seen | Price effective from | Koha item type |
|---|---|---|---|---|---|---|---|---|---|
| Project Gutenberg | Project Gutenberg | 08/28/2014 | 08/28/2014 | 08/28/2014 | eBooks |